Les adversaire de l'équipe de France de football en phase de groupe (Coupe du monde et Euro) - Statistiques

Statistiques générales
  • Ce quiz a été pris 1 313 fois
  • Le résultat moyen est 24 sur 35
Statistiques - réponses
Nombre de rencontres Adversaire Editions % Correct
6 Danemark Euro 1984,Euro 1992,CM 1998,Euro 2000,CM 2002,CM 2018
93%
1 Espagne Euro 1996
89%
2 Italie CM 1978,Euro 2008
88%
4 Suisse Euro 2004,CM 2006,CM 2014,Euro 2016
88%
1 Australie CM 2018
87%
5 Angleterre CM 1966,CM 1982,Euro 1992,Euro 2004,Euro 2012
86%
1 Pérou CM 2018
82%
2 Argentine CM 1930,CM 1978
79%
3 Uruguay CM 1966,CM 2002,CM 2010
79%
1 Brésil CM 1954
78%
2 Afrique du Sud CM 1998,CM 2010
77%
2 Pays-Bas Euro 2000,Euro 2008
77%
2 Suède Euro 1992,Euro 2012
77%
1 Union soviétique CM 1986
76%
1 Belgique Euro 1984
75%
4 Mexique CM 1930,CM 1954,CM 1966,CM 2010
75%
3 Roumanie Euro 1996,Euro 2008,Euro 2016
73%
1 Sénégal CM 2002
68%
1 Croatie Euro 2004
67%
2 Hongrie CM 1978,CM 1986
63%
3 Yougoslavie CM 1954,CM 1958,Euro 1984
63%
1 Albanie Euro 2016
60%
1 Corée du Sud CM 2006
60%
1 Ukraine Euro 2012
59%
2 République tchèque CM 1982,Euro 2000
58%
1 Honduras CM 2014
57%
1 Chili CM 1930
56%
1 Arabie saoudite CM 1998
54%
1 Equateur CM 2014
54%
1 Canada CM 1986
50%
1 Ecosse CM 1958
48%
1 Bulgarie Euro 1996
44%
1 Paraguay CM 1958
44%
1 Togo CM 2006
44%
1 Koweït CM 1982
26%
Aucun quiz correspondant
Distribution des résultats
% des personnes avec chaque résultat
Percentile par nombre de réponses
Votre historique - résultats
Vous n’avez pas pris ce quiz